Loading...
| Science - Chemistry | 0 | 4 | 2 | 2 | 30 | 56 | 92.50 | 0 | 0 |
| Beliefs | 0 | 3 | 0 | 3 | 30 | 120 | 131.00 | 0 | 2 |
| Social Science | 0 | 2 | 0 | 1 | 20 | 87 | 104.50 | 0 | 2 |
| Science - Physics | 0 | 2 | 1 | 1 | 15 | 114 | 121.00 | 1 | 2 |
| History - Other History | 1 | 0 | 0 | 0 | 15 | 43 | 43.00 | 1 | 1 |
| Fine Arts - Other Arts | 0 | 1 | 0 | 0 | 10 | 93 | 93.00 | 0 | 1 |
| History - World History | 0 | 1 | 0 | 1 | 10 | 142 | 142.00 | 0 | 1 |
| Other Academic | 0 | 1 | 0 | 1 | 10 | 104 | 104.00 | 0 | 0 |
| Science - Biology | 0 | 1 | 0 | 1 | 10 | 75 | 75.00 | 0 | 1 |
| Current Events | 0 | 0 | 1 | 0 | -5 | 0.00 | 0 | 0 | |
| History - American History | 0 | 0 | 1 | 0 | -5 | 0.00 | 0 | 0 | |
| History - European History | 0 | 0 | 2 | 0 | -10 | 0.00 | 0 | 0 |